000
00191nam a22000857a 4500
003
SGT
245
_a
PRACTICAL WIRELESS (JAN-DEC)
260
_a
NEW DELHI
_b
NEWS & PRODUCTS
_c
2011
942
_2
ddc
_c
BV
999
_c
17306
_d
17306